Dutch Prime Ministers - Statistics

General Stats
  • This quiz has been taken 618 times
    162 since last reset
  • The average score is 9 of 17
Answer Stats
Term of Office Name % Correct
2010 - 2024 Mark Rutte
99%
2024 - Dick Schoof
92%
2002 - 2010 Jan Peter Balkenende
92%
1994 - 2002 Wim Kok
87%
1982 - 1994 Ruud Lubbers
73%
1973 - 1977 Joop den Uyl
65%
1977 - 1982 Dries van Agt
57%
1948 - 1958 Willem Drees
57%
1971 - 1973 Barend Biesheuvel
37%
1967 - 1971 Piet de Jong
33%
1959 - 1963 Jan de Quay
28%
1966 - 1967 Jelle Zijlstra
24%
1945 - 1946 Wim Schermerhorn
24%
1965 - 1966 Jo Cals
23%
1946 - 1948 Louis Beel
21%
1958 - 1959 Louis Beel
21%
1963 - 1965 Victor Marijnen
20%
No matching quizzes found
Score Distribution
Percent of People with Each Score
Percentile by Number Answered
Your Score History
You have not taken this quiz since the last reset